| 000 | 00670cam a2200205 a 4500 | ||
|---|---|---|---|
| 001 | 000015740 | ||
| 005 | 20200929164133.0 | ||
| 008 | 910316s1988 cu o 000 0 spa | ||
| 040 |
_aDO-SdBNP _bspa _cLC _dBNPHU |
||
| 082 |
_a791.4375 _bA284c |
||
| 100 | 1 |
_aAguirre, Mirta, _d1912- _923431 |
|
| 245 | 1 | 0 |
_aCrónicas de cine / _cMirta Aguirre ; selección Olivia Miranda y Marcia Castillo. |
| 260 |
_aLa Habana : _bLetras Cubanas, _c1988. |
||
| 300 |
_a314 p. ; _c24 cm. |
||
| 650 | 4 |
_aPelículas _xComentarios _935409 |
|
| 700 | 1 |
_aMiranda Francisco, Olivia. _935410 |
|
| 700 | 1 |
_aCastillo Vega, Marcia. _917575 |
|
| 910 | _aCatalogación por copia / LC | ||
| 049 | _aBNGR | ||
| 999 |
_c15290 _d15290 |
||